| 000 | 01256nam0a22002651 4500 | ||
|---|---|---|---|
| 001 | rc\2898878 | ||
| 005 | 20250529220237.0 | ||
| 035 | _a(NLR Aleph) 007050346 | ||
| 090 |
_a6184458 _c6184458 |
||
| 100 | _a20110729f19301939|||y0rusy50 ca | ||
| 101 | 0 | _arus | |
| 102 | _aRU | ||
| 105 | _aa z ||||| | ||
| 200 | 1 |
_aИзучение износа и смазки методом электронной диффракции _fProf. g. J. Finch and Dr. F. Zahoorbux _gСССР - Наркомнефть. Гос. нефтяная инспекция. Техн. контора по рационализации использования нефтепродуктов. Бюро технической информации |
|
| 210 |
_a[Москва] _cБ. и. _d[193?] |
||
| 215 |
_a6 с., in recto, 1 л. с фотоснимками _cфотоснимки _d34 см |
||
| 300 | _aБез тит. л. Описано по 1-й с. текста | ||
| 300 | _aИз: The Institution of Mechanical Engineers Proceedings of the general discussion on lubrication and lubricants. October, 1937, London | ||
| 700 | 1 |
_aФинч _bГ. |
|
| 701 | 1 |
_aZahoorbux _bF. |
|
| 801 | 0 |
_aRU _bNLR _gpsbo |
|
| 801 | 1 |
_aRU _bELAR _2rusmarc |
|
| 852 |
_aNLR _j40-13/203 |
||
| 942 | _cBOOK | ||
| 980 | _aNB | ||